000
00336pam a2200157a 44500
008
230515b1986 xxu||||| |||| 00| 0 eng d
020
_a
NULL
041
_a
ENGLISH
082
_a
630
100
_a
OVECHKIN YU
245
_a
MICRO ELECTRONICS
250
_a
0
260
_a
N
_b
MIR PUBLISHERS
_c
1986
300
_a
238
650
_a
NULL
999
_c
651489
_d
651489